Có Bác trong tim: Hồi ức của nhiều tác giả Hồi ức

Uloženo v:
Podrobná bibliografie
Médium: Kniha
Jazyk:Undetermined
Vydáno: Hà Nội QĐND 2001
Témata:
Tagy: Přidat tag
Žádné tagy, Buďte první, kdo otaguje tento záznam!
Thư viện lưu trữ: Trung tâm Học liệu Trường Đại học Cần Thơ
LEADER 00492nam a2200157Ia 4500
001 CTU_41979
008 210402s9999 xx 000 0 und d
082 |a 324.2597075 
082 |b H450b 
245 0 |a Có Bác trong tim: Hồi ức của nhiều tác giả 
245 0 |b Hồi ức 
260 |a Hà Nội 
260 |b QĐND 
260 |c 2001 
650 |a communists - vietnam - biography,ho chi minh - biography 
980 |a Trung tâm Học liệu Trường Đại học Cần Thơ